| 000 | 00738nam a2200217 i 4500 | ||
|---|---|---|---|
| 001 | 81447 | ||
| 003 | ES-MaACL | ||
| 005 | 20230906174435.0 | ||
| 007 | t| | ||
| 008 | 041104s1970 sp a |||| | spa d | ||
| 080 | _a796.545 | ||
| 100 | 1 |
_aHureau, Jean. _964763 |
|
| 245 | 1 | 0 |
_aCamping y caravaning / _cpor Jean Hureau con la colaboración de Louis Montange ; [traducción y adaptación, J.-E. Vinardell ; revisión de Miguel Ripoll Guadayol]. |
| 260 |
_aBarcelona : _bDaimon, _c[1970] |
||
| 300 |
_a160 p. : _bil. col. y n. ; _c16 cm. |
||
| 650 | 4 |
_aCamping. _9156713 |
|
| 700 | 1 |
_aMontange, Louis. _9160961 |
|
| 700 | 1 |
_aVinardell, Juan Ernesto. _9115298 |
|
| 700 | 1 |
_aRipoll Guadayol, Miguel. _997436 |
|
| 852 |
_aES-MaACL _jC-42129 |
||
| 999 |
_c81447 _d81447 |
||